000
00321 a2200157 4500
001
60340
020
_a
040
_c
Anchieta - Pituba
100
_a
Alencar, José de
240
1
0
_a
Obra Completa
_l
por
245
1
0
_a
Obra Completa
300
_a
1342
362
0
_a
1965
650
4
_a
Ficção brasileira
942
_c
BK
999
_c
60340
_d
60340